| 000 | 00000nam##2200000za#4500 |
| 001 | 9.679191 |
| 003 | CaOODSP |
| 005 | 20250611103639 |
| 007 | ta |
| 008 | 150407|1994||||xxc||||| f|0| 0 fre|d |
| 020 | |a0-662-99872-3 |
| 040 | |aCaOODSP|bfre |
| 043 | |an-cn--- |
| 086 | 1 |aA53-1902/1994F |
| 110 | 1 |aCanada. |bAgriculture et agroalimentaire Canada. |
| 245 | 10|aSerriculture en terre et hors sol des concombres sans graines / |cpar A. P. Papadopoulos, Station de recherches, Harrow (Ontario). |
| 260 | |aOttawa - Ontario : |bAgriculture et Agroalimentaire Canada |c1994. |
| 300 | |a138p. : |bfigures (certaines en couleur), tableaux ; |c23 cm. |
| 500 | |aSommaire: Introduction.--Le concombre.--Conditions du milieu.--Besoins nutritionnels.--Pratiques culturales générales.--Culture classique dans le sol.--Culture dans le sol avec irrigation goutte-à-goutte.--Culture dans la tourbe et dans d'autres substrats organiques.--Culture dans la laine de roche et autres matériaux inertes.--Technique de culture sur film nutritif et autres systèmes hydroponiques. |
| 563 | |aCouverture souple |
| 590 | |a94-18|b1994-05-06 |
| 691 | 07|aCultures maraîchères|2gcpds |
| 720 | 1 |aPapadopoulos, A. P. |
| 775 | 08|tGrowing greenhouse seedless cucumbers in soil and soilless media / |w(CaOODSP)9.645524 |
| 776 | 0#|tSerriculture en terre et hors sol des concombres sans graines / |w(CaOODSP)9.643258 |
| 986 | |aPublication 1902/F |